000 00738nam a22002417a 4500
999 _c129528
_d129528
003 dpl
005 20190128130659.0
008 180609b xxu||||| |||| 00| 0 eng d
010 _aB-019521
020 _c225.00
_a818710029
035 _aB-019521, B-019548, B-019550
037 _bCen Lib/Ret
040 _aDPL
_bEN
_c0
082 _a641.66
_bMAT
100 _aMathur, Sudha
_922892
245 _aIndian non-vegetarian delicacies /
_cby Sudha Mathur
260 _aNew Delhi
_bOcean Books
_c2000
270 _bNew Delhi
_a4/19,Asaf Ali Road
_e110002
300 _a147p. :
_c23cm(Hb)
_bill.
650 _aDelicacies- non-vegetarian
_926633
650 _aIndian Delicacies
_926634
942 _2ddc
_cEN
_h641.66
_mMAT